Statistics for Populous Countries A-Z

Click here to take the quiz!

General Stats

  • This quiz has been taken 29 times
  • The average score is 21 of 24

Answer Stats

HintAnswer% Correct
CChina
100%
RRussia
100%
FFrance
96%
IIndia
96%
OOman
96%
UUnited States of America
96%
YYemen
96%
BBrazil
93%
GGermany
93%
HHaiti
93%
PPakistan
93%
QQatar
93%
ZZambia
93%
AArgentina
89%
JJapan
89%
KKenya
89%
VVietnam
89%
EEthiopia
85%
TTurkey
85%
LLaos
81%
NNigeria
81%
SSouth Africa
81%
MMexico
78%
DDemocratic Republic of the Congo
52%

Score Distribution

Percentile by Number Answered

Percent of People with Each Score

Your Score History

You have not taken this quiz